[Event "Memorial Aldo Basile A"]
[Site "Napoli ITA"]
[Date "2007.07.05"]
[Round "5"]
[White "Supino, Domenico"]
[Black "Di Giulio, Massimo"]
[Result "1-0"]
[WhiteElo "2038"]
[BlackElo "2007"]
[PlyCount "41"]
[EventDate "2007.06.07"]

1. e4 c5 2. Nf3 d6 3. d4 cxd4 4. Nxd4 Nf6 5. Nc3 g6 6. Be3 Bg7 7. f3 O-O 8. Qd2
Nc6 9. O-O-O Nxd4 10. Bxd4 Be6 11. Kb1 Qc7 12. h4 Rfc8 13. h5 Qa5 14. hxg6 hxg6
15. a3 Rab8 16. Bd3 b5 17. Qg5 Nh7 18. Rxh7 Bxd4 19. Qh6 b4 20. Rh1 Qe5 21. f4
1-0

[Event "Memorial Aldo Basile A"]
[Site "Napoli ITA"]
[Date "2007.07.19"]
[Round "6"]
[White "Benedetto, Massimo"]
[Black "Supino, Domenico"]
[Result "1-0"]
[WhiteElo "2033"]
[BlackElo "2038"]
[PlyCount "99"]
[EventDate "2007.06.07"]

1. d4 d5 2. c4 e6 3. Nf3 c5 4. Nc3 Nc6 5. cxd5 exd5 6. g3 Nf6 7. Bg2 Be7 8. O-O
O-O 9. Bg5 cxd4 10. Nxd4 h6 11. Be3 Re8 12. Rc1 Bf8 13. Nxc6 bxc6 14. Na4 Qa5
15. a3 Qb5 16. h3 Bf5 17. b4 a5 18. Nb6 Rxe3 19. fxe3 Qxb6 20. Rxf5 Qxe3+ 21.
Kh2 Qe6 22. Rf4 axb4 23. axb4 Nh5 24. Rg4 f5 25. Rh4 Nf6 26. Qc2 Rc8 27. b5 c5
28. Rf4 g6 29. Rd1 Bd6 30. Ra4 Qe5 31. Qd3 d4 32. b6 Rb8 33. b7 Ne4 34. Bxe4
fxe4 35. Qb3+ Kg7 36. Rf1 c4 37. Rxc4 d3 38. Rf4 g5 39. Rcxe4 gxf4 40. Rxe5
fxg3+ 41. Kg2 Bxe5 42. Qd5 Kf6 43. exd3 Re8 44. Qc6+ Kf7 45. d4 Bb8 46. Kf3 h5
47. Qd7+ Kf8 48. Qf5+ Kg7 49. Qg5+ Kf8 50. Qxh5 1-0

[Event "Memorial Aldo Basile A"]
[Site "Napoli ITA"]
[Date "2007.07.19"]
[Round "6"]
[White "Capozzoli, Silvio"]
[Black "Esposito, Pino"]
[Result "1/2-1/2"]
[WhiteElo "1870"]
[BlackElo "1789"]
[PlyCount "126"]
[EventDate "2007.06.07"]

1. g4 d5 2. h3 e5 3. Bg2 Be6 4. d3 Qd6 5. Nf3 f6 6. g5 Nc6 7. Nc3 O-O-O 8. a3
Nge7 9. e4 d4 10. Na4 Ng6 11. b4 b6 12. Bd2 Nf4 13. Bxf4 exf4 14. Nb2 Ne5 15.
gxf6 gxf6 16. Qe2 Rg8 17. Qf1 Qc6 18. Nd1 Qxc2 19. Nxe5 fxe5 20. Bf3 Be7 21. h4
Rg7 22. Qe2 Qa4 23. Qd2 Rdg8 24. Nb2 Qd7 25. Nc4 Bxc4 26. dxc4 Bxh4 27. Ke2 Bf6
28. c5 Qb5+ 29. Qd3 Qxd3+ 30. Kxd3 bxc5 31. bxc5 c6 32. Rab1 Rc7 33. Rh6 Rg6
34. Rh5 h6 35. Bd1 Rb7 36. Bb3 Bg7 37. Rf5 Rg5 38. Be6+ Kb8 39. Rxb7+ Kxb7 40.
Rf7+ Kb8 41. Bd7 Rg6 42. Bf5 Rg2 43. Bd7 Rg6 44. Bf5 Rg2 45. Bd7 Rxf2 46. Rxg7
Rf3+ 47. Kd2 Rxa3 48. Re7 f3 49. Rxe5 f2 50. Ke2 Ra2+ 51. Kf1 d3 52. Bg4 d2 53.
Bd1 Ra1 54. Kxf2 Rxd1 55. Ke2 Rh1 56. Kxd2 h5 57. Ke3 h4 58. Kf3 a5 59. Re8+
Kb7 60. Re7+ Kb8 61. Re8+ Kb7 62. Re7+ Kb8 63. Re8+ Kb7 1/2-1/2

[Event "Memorial Aldo Basile A"]
[Site "Napoli ITA"]
[Date "2007.07.19"]
[Round "6"]
[White "Della Corte, Alessandro"]
[Black "Di Giulio, Massimo"]
[Result "1-0"]
[WhiteElo "2250"]
[BlackElo "2007"]
[PlyCount "97"]
[EventDate "2007.06.07"]

1. e4 c5 2. b4 b6 3. bxc5 bxc5 4. Nf3 Nc6 5. Be2 d6 6. O-O Nf6 7. c3 Bd7 8. d4
Nxe4 9. Bd3 Nf6 10. dxc5 dxc5 11. Qc2 g6 12. Be3 Bg7 13. Nbd2 O-O 14. Nb3 Qc7
15. Nxc5 Nd5 16. Bd2 Ne5 17. Nxe5 Bxe5 18. Nxd7 Qxd7 19. Be4 Rac8 20. Rad1 e6
21. g3 Qc7 22. Bxd5 exd5 23. Be3 Rfd8 24. Rd3 d4 25. Bg5 Re8 26. f4 Bg7 27. f5
Qb6 28. c4 Qc5 29. Qd2 gxf5 30. Bh6 Bxh6 31. Qxh6 Rc6 32. Qh5 Re5 33. Qg5+ Kf8
34. Qd8+ Kg7 35. Qxd4 Qxd4+ 36. Rxd4 Re4 37. Rd7 Kf6 38. Rd5 Re5 39. Rd4 Ke6
40. Rh4 Re4 41. Rh6+ Kd7 42. Rxh7 Rcxc4 43. Rxf7+ Ke6 44. R7xf5 Re2 45. R5f2
Re3 46. Kg2 Ra4 47. Rd2 Rae4 48. Rff2 Ke5 49. Rb2 1-0

[Event "Memorial Aldo Basile A"]
[Site "Napoli ITA"]
[Date "2007.07.19"]
[Round "6"]
[White "Improta, Giovanni"]
[Black "Gallo, Thomas Renato"]
[Result "0-1"]
[WhiteElo "1917"]
[BlackElo "1840"]
[PlyCount "96"]
[EventDate "2007.06.07"]

1. e4 d6 2. Bc4 Nf6 3. d3 e6 4. a3 d5 5. exd5 exd5 6. Bb3 Bd6 7. Nc3 c6 8. Bg5
Qe7+ 9. Nge2 Bg4 10. f3 Bh5 11. Qd2 O-O 12. O-O-O Nbd7 13. Nd4 Bg6 14. Rhe1 Qd8
15. Re2 h6 16. Bh4 Qc7 17. g3 Rae8 18. Rde1 Re5 19. f4 Rxe2 20. Rxe2 b5 21. Nf3
Bh5 22. Rf2 Bc5 23. Rf1 Re8 24. d4 Bxf3 25. Rxf3 Bd6 26. Re3 Qd8 27. Qe2 Rxe3
28. Qxe3 Kf8 29. h3 Qe8 30. Kd2 a6 31. Bxf6 Nxf6 32. Qxe8+ Kxe8 33. Ke3 Ke7 34.
g4 g6 35. Ne2 Ne4 36. c3 Ke6 37. Bc2 f5 38. gxf5+ gxf5 39. Kf3 h5 40. Bxe4
dxe4+ 41. Ke3 h4 42. Nc1 c5 43. Nb3 Kd5 44. Na5 cxd4+ 45. cxd4 Bc7 46. Nb3 Bb6
47. Kd2 Bxd4 48. Kc2 Be3 0-1

[Event "Memorial Aldo Basile A"]
[Site "Napoli ITA"]
[Date "2007.07.19"]
[Round "6"]
[White "Radice, Mario"]
[Black "Schiappoli, Dario"]
[Result "1-0"]
[WhiteElo "1988"]
[BlackElo "1923"]
[PlyCount "75"]
[EventDate "2007.06.07"]

1. e4 c5 2. Nf3 d6 3. d4 cxd4 4. Nxd4 Nf6 5. Nc3 a6 6. a4 Qc7 7. Be2 e6 8. O-O
Bd7 9. Be3 Nc6 10. Nb3 Ne5 11. a5 Nc4 12. Bxc4 Qxc4 13. Qd4 Rc8 14. Rfd1 Be7
15. e5 Qxd4 16. Bxd4 dxe5 17. Bxe5 Ng4 18. Bxg7 Rg8 19. Bd4 Bc6 20. Rd3 e5 21.
Bc5 Bxc5 22. Nxc5 Nxh2 23. N5e4 Ke7 24. Kxh2 f5 25. Ng3 f4 26. Nge4 Rg6 27. Rh3
h6 28. Rh5 Ke6 29. Rd1 Bxe4 30. Nxe4 Rxc2 31. Rd6+ Kf7 32. Rxg6 Kxg6 33. Rxe5
Rxb2 34. f3 Rb5 35. Rxb5 axb5 36. Nc5 b4 37. Kh3 Kf5 38. Kh4 1-0

[Event "Memorial Aldo Basile A"]
[Site "Napoli ITA"]
[Date "2007.07.19"]
[Round "6"]
[White "Vannini, Aldo"]
[Black "Della Ragione, Achille"]
[Result "1/2-1/2"]
[WhiteElo "1983"]
[BlackElo "2022"]
[PlyCount "79"]
[EventDate "2007.06.07"]

1. d4 f5 2. Nf3 Nf6 3. c4 c5 4. e3 b6 5. Nc3 Bb7 6. Be2 g6 7. O-O Bg7 8. a3 O-O
9. Rb1 Ne4 10. Nxe4 fxe4 11. Ne1 Na6 12. Nc2 e6 13. b4 d6 14. dxc5 dxc5 15. Bb2
Bxb2 16. Rxb2 Qf6 17. Qb1 Rad8 18. Na1 Rd6 19. b5 Nc7 20. Nb3 Rfd8 21. a4 a6
22. a5 axb5 23. axb6 Rxb6 24. Nxc5 Qe5 25. Nxb7 Rxb7 26. cxb5 Nd5 27. Rd1 Rdb8
28. Qc2 Nc3 29. Rc1 Nxe2+ 30. Qxe2 Rxb5 31. Rxb5 Qxb5 32. Qxb5 Rxb5 33. g4 Kg7
34. Kg2 h5 35. h3 hxg4 36. hxg4 Kf6 37. Kg3 Ke5 38. Rd1 Rd5 39. Ra1 Rb5 40. g5
1/2-1/2

[Event "Memorial Aldo Basile A"]
[Site "Napoli ITA"]
[Date "2007.07.26"]
[Round "7"]
[White "Gallo, Thomas Renato"]
[Black "Della Corte, Alessandro"]
[Result "0-1"]
[WhiteElo "1840"]
[BlackElo "2250"]
[PlyCount "52"]
[EventDate "2007.06.07"]

1. d4 Nf6 2. g3 e6 3. Bg2 c5 4. c3 Be7 5. Nf3 O-O 6. O-O Nc6 7. Re1 b6 8. e4
Bb7 9. Bg5 cxd4 10. e5 Nd5 11. Bxe7 Qxe7 12. cxd4 f6 13. Nc3 Nxc3 14. bxc3 Rac8
15. Qd3 fxe5 16. Nxe5 Nxe5 17. Rxe5 Bxg2 18. Kxg2 Qa3 19. Re3 Rxf2+ 20. Kxf2
Qb2+ 21. Qe2 Qxa1 22. d5 Qh1 23. dxe6 Rf8+ 24. Rf3 Qxh2+ 25. Ke3 Qxe2+ 26. Kxe2
Rxf3 0-1

[Event "Memorial Aldo Basile A"]
[Site "Napoli ITA"]
[Date "2007.07.26"]
[Round "7"]
[White "Sorrentino, Michele"]
[Black "Benedetto, Massimo"]
[Result "1-0"]
[WhiteElo "2017"]
[BlackElo "2033"]
[PlyCount "75"]
[EventDate "2007.06.07"]

1. Nf3 f5 2. d3 Nf6 3. Nbd2 d5 4. c3 b6 5. g3 Bb7 6. Bg2 Nbd7 7. Nd4 Nc5 8.
Nxf5 g6 9. Ne3 Bg7 10. O-O O-O 11. b4 Ncd7 12. Qb3 c6 13. Bb2 Kh8 14. c4 e6 15.
Nf3 Qc7 16. Rac1 c5 17. cxd5 exd5 18. Ng5 Qd6 19. a3 h6 20. Nh3 Rae8 21. Nf4
Kh7 22. Nfxd5 Nxd5 23. Bxg7 Kxg7 24. Nxd5 Rxe2 25. Qc3+ Kh7 26. Nf4 Rxf4 27.
gxf4 Bxg2 28. Kxg2 Qxf4 29. Qc4 Qg5+ 30. Kh1 Ne5 31. Qd5 Qf4 32. Qg2 Nxd3 33.
Qb7+ Kh8 34. Qc8+ Kg7 35. Qd7+ Qf7 36. Qxd3 Qb7+ 37. Kg1 Re4 38. Rc4 1-0

[Event "Memorial Aldo Basile A"]
[Site "Napoli ITA"]
[Date "2007.07.26"]
[Round "7"]
[White "Supino, Domenico"]
[Black "Radice, Mario"]
[Result "1-0"]
[WhiteElo "2038"]
[BlackElo "1988"]
[PlyCount "59"]
[EventDate "2007.06.07"]

1. e4 c5 2. Nf3 e6 3. d4 cxd4 4. Nxd4 Nf6 5. Nc3 d6 6. Be2 a6 7. Be3 Be7 8. f4
O-O 9. O-O Nc6 10. Qe1 Nxd4 11. Bxd4 b5 12. a3 Bb7 13. Qg3 g6 14. Bf3 a5 15.
Rad1 b4 16. e5 dxe5 17. fxe5 Nd5 18. Ne4 Rc8 19. Nf6+ Nxf6 20. exf6 Bxf3 21.
fxe7 Qxe7 22. Qxf3 Rxc2 23. axb4 axb4 24. Bf6 Qc5+ 25. Kh1 Qf5 26. Qe3 Qg4 27.
Rd2 Qc4 28. Rfd1 Rxd2 29. Qxd2 Qg4 30. Qd8 1-0

[Event "C.to Regionale Calabria"]
[Site "San Fili ITA"]
[Date "2007.06.08"]
[Round "1"]
[White "Abatino, Maurizio"]
[Black "Piccoli, Vincenzo"]
[Result "1-0"]
[WhiteElo "2192"]
[BlackElo "1745"]
[PlyCount "27"]
[EventDate "2007.06.08"]

1. d4 Nf6 2. c4 e6 3. Nc3 Bb4 4. f3 c5 5. d5 d6 6. e4 O-O 7. Bd3 b5 8. Nge2 Bb7
9. O-O Nbd7 10. Nxb5 Ne5 11. Bg5 Nxd3 12. Qxd3 e5 13. f4 h6 14. fxe5 1-0

[Event "C.to Regionale Calabria"]
[Site "San Fili ITA"]
[Date "2007.06.08"]
[Round "1"]
[White "Alo', Lucio"]
[Black "Caputo, Francesco"]
[Result "1-0"]
[WhiteElo "1553"]
[BlackElo "1662"]
[PlyCount "81"]
[EventDate "2007.06.08"]

1. Nf3 d5 2. d4 Nf6 3. e3 e6 4. Bd2 c5 5. Nc3 Nc6 6. Bb5 a6 7. Bxc6+ bxc6 8.
Ne5 Qc7 9. O-O Bd6 10. f4 cxd4 11. exd4 c5 12. Be3 O-O 13. Qf3 Qb6 14. Na4 Qb4
15. Nxc5 Bxc5 16. dxc5 Qxb2 17. c4 d4 18. Bf2 Ra7 19. Rfb1 Qc3 20. Qe2 Rd8 21.
Rc1 d3 22. Qe3 Qb2 23. Nxd3 Qb8 24. Ne5 Qc7 25. c6 Ra8 26. Rab1 Ne8 27. Qg3 f6
28. Bb6 Qd6 29. Bxd8 fxe5 30. Rd1 Qc5+ 31. Kh1 Qxc6 32. fxe5 Bb7 33. Be7 Rc8
34. Rf1 Nc7 35. Bf6 g6 36. Rf2 Ba8 37. Qh3 Qxc4 38. Qh6 Ne8 39. Bh4 Qc5 40.
Rbf1 Nc7 41. Be7 1-0

[Event "C.to Regionale Calabria"]
[Site "San Fili ITA"]
[Date "2007.06.08"]
[Round "1"]
[White "Bellisario, Carlo"]
[Black "Coristo, Giovanni"]
[Result "1/2-1/2"]
[WhiteElo "1619"]
[BlackElo "1843"]
[PlyCount "78"]
[EventDate "2007.06.08"]

1. c4 g6 2. Nc3 Bg7 3. Nf3 Nf6 4. g3 O-O 5. Bg2 d6 6. O-O c6 7. d3 Bd7 8. Rb1
a5 9. e4 e5 10. Bg5 h6 11. Bd2 Na6 12. Qc1 Kh7 13. a3 Qc8 14. Na4 Qc7 15. Be3
c5 16. Nc3 Qc8 17. Nb5 Bxb5 18. cxb5 Nc7 19. a4 Ne6 20. h3 Qd7 21. Nd2 Rac8 22.
Nc4 Nd4 23. Qd1 Qd8 24. Bxd4 cxd4 25. Qd2 b6 26. b4 axb4 27. Qxb4 Rc5 28. Ra1
Re8 29. a5 bxa5 30. Qxa5 Qb8 31. Rfb1 Re7 32. Qa8 Rb7 33. Qxb8 Rxb8 34. Nxd6
Bf8 35. Nc4 Rcxb5 36. Rxb5 Rxb5 37. Ra5 Rxa5 38. Nxa5 Nd7 39. Nc4 Kg7 1/2-1/2

[Event "C.to Regionale Calabria"]
[Site "San Fili ITA"]
[Date "2007.06.08"]
[Round "1"]
[White "Cordi', Domenico"]
[Black "Marincolo, Piercarlo"]
[Result "1-0"]
[WhiteElo "2084"]
[BlackElo "1727"]
[PlyCount "57"]
[EventDate "2007.06.08"]

1. d4 d5 2. Nf3 c6 3. e3 Nf6 4. c4 e6 5. Nc3 Nbd7 6. Be2 dxc4 7. Bxc4 b5 8. Bd3
Bb7 9. O-O a6 10. b3 Bb4 11. Bb2 O-O 12. Qe2 c5 13. Rfd1 Qe7 14. a4 Bxc3 15.
Bxc3 b4 16. Bb2 a5 17. Rac1 Rfc8 18. Nd2 Qd6 19. Nc4 Qd5 20. f3 cxd4 21. Bxd4
e5 22. Bb2 Qe6 23. e4 Nh5 24. Qe3 Nf4 25. Bf1 Qh6 26. Qd2 Rd8 27. Bxe5 Ng6 28.
Qxh6 gxh6 29. Bc7 1-0

[Event "C.to Regionale Calabria"]
[Site "San Fili ITA"]
[Date "2007.06.08"]
[Round "1"]
[White "Felisio, Antonio"]
[Black "Carbone, Gianluca"]
[Result "0-1"]
[WhiteElo "1464"]
[BlackElo "1383"]
[PlyCount "86"]
[EventDate "2007.06.08"]

1. d4 Nf6 2. c4 d6 3. Nc3 g6 4. Bg5 Bg7 5. Bxf6 Bxf6 6. e3 O-O 7. Nf3 c5 8. Nd5
Bg7 9. Qc2 Nc6 10. Rd1 Bg4 11. Be2 Bxf3 12. Bxf3 cxd4 13. O-O e6 14. Nf4 Rb8
15. Bxc6 bxc6 16. exd4 Qb6 17. c5 dxc5 18. dxc5 Qxb2 19. Qxb2 Rxb2 20. Rd6 Be5
21. Nd3 Bxd6 22. Nxb2 Bxc5 23. Na4 Bd4 24. Rc1 Rc8 25. Nc5 Rb8 26. g3 Rb2 27.
Nd3 Rxa2 28. Rxc6 Rd2 29. Rc8+ Kg7 30. Nf4 Rxf2 31. Ng2 Rc2+ 32. Kf1 Rxc8 33.
h4 a5 34. Nf4 a4 35. Ne2 Bf6 36. g4 a3 37. h5 a2 38. h6+ Kg8 39. g5 Bh8 40. Kg2
a1=Q 41. Nf4 Qa8+ 42. Kg3 Rc3+ 43. Kg4 Qf3+ 0-1

[Event "C.to Regionale Calabria"]
[Site "San Fili ITA"]
[Date "2007.06.08"]
[Round "1"]
[White "Galasso, Luciano"]
[Black "Spataro, Enrico"]
[Result "0-1"]
[WhiteElo "1554"]
[BlackElo "1760"]
[PlyCount "94"]
[EventDate "2007.06.08"]

1. d4 f5 2. Nf3 Nf6 3. e3 g6 4. c4 Bg7 5. Nc3 d6 6. Bd3 c6 7. Qc2 O-O 8. Bd2
Na6 9. Ne2 Nc7 10. h4 Bd7 11. Nf4 Qe8 12. O-O-O e5 13. Qb3 exf4 14. c5+ Be6 15.
Bc4 Bxc4 16. Qxc4+ d5 17. Qb3 fxe3 18. Bxe3 Rb8 19. Rhe1 Ne4 20. Bf4 Qf7 21.
Ng5 Nxg5 22. hxg5 b6 23. Qg3 bxc5 24. Bxc7 f4 25. Qa3 Qxc7 26. Qxc5 Rb5 27. Qe7
Qxe7 28. Rxe7 Rf7 29. Re8+ Bf8 30. Rc8 c5 31. f3 cxd4 32. Rxd4 Rc5+ 33. Rxc5
Bxc5 34. Rxd5 Be3+ 35. Kc2 Rf5 36. Rxf5 gxf5 37. Kd3 Kg7 38. g3 Bc1 39. gxf4
Bxb2 40. Kd2 Ba3 41. Ke2 Bc1 42. Kf2 Bxf4 43. Ke2 Bxg5 44. Kd3 h5 45. Ke2 Kf6
46. Kf2 Ke5 47. Kg3 h4+ 0-1

[Event "C.to Regionale Calabria"]
[Site "San Fili ITA"]
[Date "2007.06.08"]
[Round "1"]
[White "Levato, Biagio"]
[Black "Scerra, Ezio"]
[Result "1-0"]
[WhiteElo "1495"]
[BlackElo "1398"]
[PlyCount "87"]
[EventDate "2007.06.08"]

1. Nf3 d6 2. g3 e5 3. d3 Nc6 4. Bg2 Nf6 5. Nbd2 Be7 6. O-O Bd7 7. e4 b5 8. c3
h6 9. b3 Bg4 10. h3 Bh5 11. Qe1 Qd7 12. Nh4 b4 13. Bb2 bxc3 14. Bxc3 d5 15.
exd5 Nxd5 16. Bxe5 f6 17. Bb2 Ndb4 18. Qe4 Rd8 19. Rfe1 Nxd3 20. Qxc6 Nxe1 21.
Rxe1 Qxc6 22. Bxc6+ Kf8 23. Nc4 Kf7 24. Nf5 Rd1 25. Rxd1 Bxd1 26. Nce3 Bh5 27.
Bd5+ Kf8 28. Nxe7 Kxe7 29. Nf5+ Kd7 30. Nxg7 Bg6 31. Bxf6 Bb1 32. b4 a5 33. b5
a4 34. Be5 h5 35. f4 Rh7 36. Be6+ Ke7 37. f5 Rxg7 38. Bxg7 Bd3 39. Be5 Bxb5 40.
Bxc7 Kf6 41. Kf2 Bd3 42. g4 Bxf5 43. Bxf5 Kg5 44. Kf3 1-0

[Event "C.to Regionale Calabria"]
[Site "San Fili ITA"]
[Date "2007.06.08"]
[Round "1"]
[White "Malta, Gaetano"]
[Black "Licciulli, Fabio"]
[Result "1/2-1/2"]
[WhiteElo "1685"]
[BlackElo "1954"]
[PlyCount "86"]
[EventDate "2007.06.08"]

1. e4 e6 2. d4 d5 3. exd5 Qxd5 4. Nc3 Bb4 5. Nf3 Nf6 6. Bd2 Bxc3 7. Bxc3 O-O 8.
Bd3 b6 9. O-O Ba6 10. Bxa6 Nxa6 11. Qd3 Nb8 12. Rfe1 Nbd7 13. Ne5 a5 14. Re3
Rad8 15. Rae1 Nxe5 16. Rxe5 Qxa2 17. b3 Qa3 18. R1e3 Qd6 19. Rg5 Qf4 20. Rgg3
Nd5 21. Re4 Qc1+ 22. Re1 Qh6 23. Bd2 Qh5 24. Rg5 Qh4 25. Re4 Nb4 26. Rxh4 Nxd3
27. cxd3 f6 28. Rg3 Rd5 29. Re4 Kf7 30. Rge3 Re8 31. Re1 Rb5 32. Rb1 a4 33. b4
Rd8 34. Ra1 Ra8 35. Ra3 Rd5 36. Bc3 b5 37. Re1 Rad8 38. Rc1 c6 39. Bb2 Rc8 40.
Rac3 Rxd4 41. Ba3 Rd6 42. Kf1 Ke7 43. Ke2 Kd7 1/2-1/2

[Event "C.to Regionale Calabria"]
[Site "San Fili ITA"]
[Date "2007.06.08"]
[Round "1"]
[White "Mercuri, Delia"]
[Black "Calomeni, Gianpaolo"]
[Result "1-0"]
[WhiteElo "1415"]
[BlackElo "1503"]
[PlyCount "91"]
[EventDate "2007.06.08"]

1. e4 e5 2. Nf3 Nc6 3. Bc4 Bc5 4. O-O Nf6 5. Nc3 O-O 6. a3 d6 7. h3 h6 8. d3
Re8 9. Nh2 Be6 10. Nd5 Nd4 11. Ba2 Bxd5 12. Bxd5 c6 13. Ba2 d5 14. c3 Ne6 15.
exd5 cxd5 16. Kh1 Qd6 17. Ng4 Nf4 18. Nxf6+ Qxf6 19. Be3 d4 20. Bxf4 Qxf4 21.
b4 Bd6 22. c4 e4 23. g3 Qf5 24. Qg4 Qxg4 25. hxg4 exd3 26. Rad1 Re2 27. Bb1 d2
28. Bd3 Re7 29. c5 Bc7 30. Rxd2 Rd8 31. Ra1 b6 32. c6 Re6 33. b5 Rde8 34. Kg2
Re1 35. Rxe1 Rxe1 36. Bc4 Rc1 37. Rxd4 Be5 38. Rd8+ Kh7 39. Bxf7 Rc3 40. Re8
Bd6 41. a4 g5 42. Re6 Bc7 43. Bg6+ Kg8 44. Bf5 Ra3 45. Re7 Bd6 46. Rxa7 1-0

[Event "C.to Regionale Calabria"]
[Site "San Fili ITA"]
[Date "2007.06.08"]
[Round "1"]
[White "Olivo, Paolo"]
[Black "Luvera', Filippo"]
[Result "0-1"]
[WhiteElo "1670"]
[BlackElo "1898"]
[PlyCount "92"]
[EventDate "2007.06.08"]

1. e4 c5 2. Nf3 Nc6 3. d4 cxd4 4. Nxd4 Nf6 5. Nc3 e5 6. Ndb5 d6 7. Bg5 a6 8.
Na3 b5 9. Nd5 Be7 10. Nxe7 Qxe7 11. c3 h6 12. Bxf6 Qxf6 13. Nc2 O-O 14. Ne3 Bb7
15. Be2 Rad8 16. O-O Ne7 17. Nd5 Nxd5 18. exd5 e4 19. a4 Qe5 20. axb5 axb5 21.
Bxb5 Bxd5 22. Re1 Qe6 23. Qd4 f5 24. Ra3 Kh8 25. c4 Ba8 26. Ra7 Qf6 27. Qxf6
Rxf6 28. Rea1 Rff8 29. b4 f4 30. Re7 f3 31. Raa7 Rg8 32. g4 d5 33. c5 d4 34.
Kf1 Rb8 35. Ra5 Bd5 36. Re5 Rxb5 37. Rxb5 Bc4+ 38. Ke1 Bxb5 39. Rxe4 Re8 40.
Rxe8+ Bxe8 41. Kd2 Bb5 42. h3 Kg8 43. Kc2 Kf7 44. Kb3 Ke7 45. Kc2 Ke6 46. c6
Kd6 0-1

[Event "C.to Regionale Calabria"]
[Site "San Fili ITA"]
[Date "2007.06.08"]
[Round "1"]
[White "Paragliola, Gennaro"]
[Black "Calomeni, Francesca"]
[Result "1-0"]
[WhiteElo "1451"]
[BlackElo "1356"]
[PlyCount "45"]
[EventDate "2007.06.08"]

1. d4 d5 2. c4 dxc4 3. Nf3 Nf6 4. Nc3 Nc6 5. e4 e6 6. Bxc4 Bb4 7. Bg5 O-O 8.
O-O a6 9. a3 Bxc3 10. bxc3 b5 11. Bd3 Bb7 12. Qc2 h6 13. Bh4 e5 14. dxe5 Nxe5
15. Nxe5 Qd6 16. Bg3 Rad8 17. Rfd1 c5 18. Ng6 Qd7 19. Nxf8 Kxf8 20. Bh4 g5 21.
Bg3 Ng4 22. Be2 Bxe4 23. Qxe4 1-0

[Event "C.to Regionale Calabria"]
[Site "San Fili ITA"]
[Date "2007.06.08"]
[Round "1"]
[White "Sansosti, Simona"]
[Black "Olivo, Ilaria"]
[Result "0-1"]
[WhiteElo "1362"]
[BlackElo "1464"]
[PlyCount "40"]
[EventDate "2007.06.08"]

1. e4 c5 2. c3 d6 3. d4 Nf6 4. Nd2 e6 5. Ngf3 Nc6 6. Be2 Be7 7. O-O O-O 8. Re1
a6 9. Nf1 b5 10. Ng3 Bb7 11. Be3 cxd4 12. Nxd4 Nxd4 13. Qxd4 e5 14. Qd3 Rc8 15.
Bf3 d5 16. Bd2 dxe4 17. Qxd8 Rfxd8 18. Bxe4 Nxe4 19. Rxe4 Bxe4 20. Nxe4 f5 0-1

[Event "C.to Regionale Calabria"]
[Site "San Fili ITA"]
[Date "2007.06.08"]
[Round "1"]
[White "Vacchiano, Salvatore"]
[Black "Alvaro, Francesco"]
[Result "0-1"]
[WhiteElo "1509"]
[BlackElo "1428"]
[PlyCount "76"]
[EventDate "2007.06.08"]

1. d4 Nf6 2. c4 e6 3. Nf3 d5 4. Nc3 Nc6 5. Bg5 Be7 6. cxd5 Nxd5 7. Bxe7 Ncxe7
8. e4 Nxc3 9. bxc3 Bd7 10. Rb1 Bc6 11. Bd3 O-O 12. Ne5 Qd6 13. Qh5 Ng6 14. Nc4
Qf4 15. g3 Qh6 16. Qxh6 gxh6 17. h4 f5 18. Nd2 fxe4 19. Nxe4 Rf3 20. Ke2 Raf8
21. Rhf1 b6 22. Nd2 R3f6 23. Nc4 Bg2 24. Ne5 Bxf1+ 25. Rxf1 Nxe5 26. dxe5 Rf3
27. Be4 Rxc3 28. Kd2 Rc5 29. f4 Rd8+ 30. Ke2 Rd4 31. Bd3 Ra5 32. Ke3 c5 33. f5
Ra3 34. Rd1 exf5 35. e6 Kf8 36. Ke2 Rxa2+ 37. Ke1 Rd5 38. Kf1 c4 0-1

[Event "C.to Regionale Calabria"]
[Site "San Fili ITA"]
[Date "2007.06.08"]
[Round "1"]
[White "Valotta, Massimiliano"]
[Black "Grandinetti, Pietro"]
[Result "1/2-1/2"]
[WhiteElo "1889"]
[BlackElo "1639"]
[PlyCount "96"]
[EventDate "2007.06.08"]

1. e4 c5 2. Nc3 d6 3. Nf3 Nf6 4. Bb5+ Bd7 5. d3 e6 6. O-O Be7 7. h3 O-O 8. Bf4
Bxb5 9. Nxb5 a6 10. Na3 Nc6 11. Nc4 b5 12. Ne3 Rc8 13. a4 Qb6 14. c3 Rfd8 15.
Qe2 d5 16. e5 Nd7 17. Rfd1 Nf8 18. axb5 axb5 19. d4 Ra8 20. dxc5 Qxc5 21. Nc2
Qc4 22. Qd2 b4 23. cxb4 Nxb4 24. Na3 Qc7 25. Rac1 Qb7 26. Nd4 Rdc8 27. Ndb5
Rxc1 28. Rxc1 Rc8 29. Rxc8 Qxc8 30. Nd6 Bxd6 31. exd6 Qc5 32. Qc3 Qxc3 33. bxc3
Nd3 34. Be3 Nd7 35. Kf1 f6 36. f4 Kf8 37. c4 Ke8 38. Ke2 N3c5 39. cxd5 exd5 40.
Nb5 Ne4 41. Kd3 f5 42. Bd4 Ndf6 43. Be5 Kd7 44. Kd4 Kc6 45. Nc7 g6 46. d7 Kxd7
47. Nxd5 Nxd5 48. Kxd5 Ke7 1/2-1/2

[Event "C.to Regionale Calabria"]
[Site "San Fili ITA"]
[Date "2007.06.08"]
[Round "1"]
[White "Zavaglia, Giuseppe"]
[Black "Paletta, Giuseppe"]
[Result "1-0"]
[WhiteElo "1901"]
[BlackElo "1679"]
[PlyCount "85"]
[EventDate "2007.06.08"]

1. d4 d5 2. Nf3 Bf5 3. e3 Nf6 4. Bd3 e6 5. O-O Be7 6. c4 Bxd3 7. Qxd3 c6 8. Nc3
O-O 9. a3 a5 10. c5 b5 11. cxb6 Qxb6 12. Rb1 Nbd7 13. Bd2 Rfb8 14. Rfc1 a4 15.
Be1 c5 16. Qc2 Qa7 17. Qd3 c4 18. Qc2 Rb3 19. Nd2 Rb7 20. f3 Nb8 21. Bf2 Nc6
22. Rd1 Qa5 23. e4 e5 24. exd5 Nxd4 25. Bxd4 exd4 26. Nxc4 Qa7 27. Ne4 Nxe4 28.
Qxe4 Bf6 29. Ne5 d3+ 30. Kh1 Re8 31. f4 Qb8 32. d6 Rxb2 33. Rxb2 Qxb2 34. d7
Rf8 35. Qxd3 Qb6 36. Qd5 Qb2 37. d8=Q Bxd8 38. Qxd8 Qxa3 39. Qd7 h6 40. h3 Qb3
41. Ra1 a3 42. Qa7 Qe3 43. Qxe3 1-0

[Event "C.to Regionale Calabria"]
[Site "San Fili ITA"]
[Date "2007.06.09"]
[Round "2"]
[White "Alvaro, Francesco"]
[Black "Alo', Lucio"]
[Result "0-1"]
[WhiteElo "1428"]
[BlackElo "1553"]
[PlyCount "70"]
[EventDate "2007.06.08"]

1. e4 e5 2. Nf3 Nc6 3. Bb5 Nge7 4. d3 a6 5. Ba4 b5 6. Bb3 h6 7. Nc3 d6 8. a3
Bg4 9. Nd5 Nd4 10. Ba2 c6 11. Ne3 Nxf3+ 12. gxf3 Bh5 13. Ng4 Ng6 14. Be3 d5 15.
Rg1 Be7 16. Qd2 O-O 17. O-O-O Bxg4 18. Rxg4 Kh7 19. exd5 cxd5 20. d4 f5 21.
Rxg6 Kxg6 22. dxe5 Kh7 23. Bxd5 Rc8 24. Qe1 Qc7 25. Bb3 Qxe5 26. Qg1 Rfd8 27.
Re1 Qf6 28. Bd2 Bxa3 29. Re6 Qxb2+ 30. Kd1 Qb1+ 31. Ke2 Qxg1 32. Rxa6 Rxd2+ 33.
Kxd2 Qxf2+ 34. Kd3 Qxf3+ 35. Kd4 Bb2+ 0-1

[Event "C.to Regionale Calabria"]
[Site "San Fili ITA"]
[Date "2007.06.09"]
[Round "2"]
[White "Calomeni, Francesca"]
[Black "Felisio, Antonio"]
[Result "1-0"]
[WhiteElo "1356"]
[BlackElo "1464"]
[PlyCount "151"]
[EventDate "2007.06.08"]

1. e4 c5 2. Nf3 e6 3. Nc3 Nc6 4. Bb5 Nd4 5. Nxd4 cxd4 6. Ne2 a6 7. Bd3 e5 8.
O-O Nf6 9. c3 Bc5 10. b4 Ba7 11. Bb2 O-O 12. cxd4 exd4 13. e5 Ng4 14. Nxd4 Nxe5
15. Bxh7+ Kxh7 16. Qh5+ Kg8 17. Qxe5 d6 18. Qe3 Qf6 19. Rfe1 Bf5 20. Qf4 Rfe8
21. Bc3 g5 22. Qxf5 Qxf5 23. Nxf5 d5 24. Ne7+ Kh7 25. Nxd5 Rxe1+ 26. Rxe1 Kg6
27. Ne7+ Kh7 28. Re5 Re8 29. d4 Bb8 30. Re3 g4 31. d5 Bd6 32. Nf5 Rd8 33. h3
gxh3 34. Rxh3+ Kg6 35. Nh4+ Kh5 36. Nf5+ Kg6 37. g4 Bf8 38. f4 Rxd5 39. Nh4+
Kh7 40. Nf5+ Kg6 41. Ne3 Rd3 42. f5+ Kg5 43. Be1 Ra3 44. Rh5+ Kf4 45. Bf2 Rxa2
46. f6 Bxb4 47. Nd5+ Kxg4 48. Rh4+ Kf3 49. Rh3+ Kg4 50. Rg3+ Kf5 51. Rf3+ Ke4
52. Nxb4 Kxf3 53. Nxa2 Ke4 54. Nc3+ Kf5 55. Nd5 a5 56. Be1 a4 57. Bc3 a3 58.
Ne7+ Ke6 59. Nc8 a2 60. Nb6 Kd6 61. Nc4+ Kc5 62. Ne5 b5 63. Nxf7 b4 64. Bb2 Kd5
65. Ng5 Kd6 66. Ba1 b3 67. Kf2 Kd7 68. Ke2 Ke8 69. Ke3 Kf8 70. Ke4 b2 71. Bxb2
Kg8 72. Kd5 Kf8 73. Ke6 a1=N 74. Bxa1 Ke8 75. f7+ Kf8 76. Nh7# 1-0